Biblioteca

Science and religion (Registro nro. 63986)

Detalles MARC
000 -LÍDER
Campo fijo de descripción fija 01989cam a2200409 i 4500
001 - NÚMERO DE CONTROL
Campo de control 753514
003 - IDENTIFICADOR DEL NÚMERO DE CONTROL
Campo de control CO-MdFUSB
005 - FECHA Y HORA DE LA ULTIMA TRANSACCIÓN
control field 20180622072748.0
008 - ELEMENTOS DE LONGITUD FIJA -- INFORMACIÓN GENERAL
Campo fijo de descripción fija -- Información general 100615t2011 nyu f b 001 0 eng
010 ## - NÚMERO DE CONTROL DE LA BIBLIOTECA DEL CONGRESO
Número de control LC 2010024690
020 ## - NÚMERO INTERNACIONAL NORMALIZADO PARA LIBROS
Número Internacional Normalizado del libro 9780199738427
020 ## - NÚMERO INTERNACIONAL NORMALIZADO PARA LIBROS
Número Internacional Normalizado del libro 0199738424
040 ## - FUENTE DE CATALOGACIÓN
Agencia de catalogación original DLC
Agencia que realiza la transcripción CO-MdFUSB
Agencia que realiza la modificación CO-MdFUSB
Idioma de catalogación spa
Convenciones de la descripción rda
041 ## - CÓDIGO DE IDIOMA
Código de idioma para texto/pista de sonido o título separado eng
049 ## - LOCAL HOLDINGS (OCLC)
Holding library PTSS
082 00 - NÚMERO DE CLASIFICACIÓN DECIMAL DEWEY
Número de la edición del Dewey 24
Número de clasificación G 215
Clave de autor-Numero de item D399s
100 1# - ASIENTO PRINCIPAL--NOMBRE PERSONAL
Nombre personal Dennett, Daniel Clement.
Término relacionador autor
245 10 - TÍTULO
Título del Material Science and religion
Parte restante del título - Subtitulo : are they compatible?
Mención de responsabilidad, etc. / Daniel C. Dennett, Alvin Plantinga.
264 #1 - PRODUCCIÓN, PUBLICACIÓN, DISTRIBUCIÓN, MANUFACTURA, Y COPYRIGHT
Lugar de producción, publicación, distribución, manufactura New York :
Nombre del productor, publicador, distribuidor Oxford University Press,
Fecha de producción, publicación, distribución, manufactura, o copyright ℗[2011]
264 #4 - PRODUCCIÓN, PUBLICACIÓN, DISTRIBUCIÓN, MANUFACTURA, Y COPYRIGHT
Fecha de producción, publicación, distribución, manufactura, o copyright ©2011
300 ## - DESCRIPCIÓN FÍSICA
Extensión viii, 82 páginas
Dimensiones : 21 cm.
Otros detalles físicos
336 ## - TIPO DE CONTENIDO
Fuente rdacontent
Término de tipo de contenido
Código de tipo de contenido
337 ## - TIPO DE MEDIO
Fuente rdamedia
Nombre del tipo de medio
Código del tipo de medio
338 ## - TIPO DE SOPORTE
Fuente rdacarrier
Nombre del tipo de soporte
Código Tipo de soporte
490 1# - MENCIÓN DE SERIE
Mención de serie Point/counterpoint series
501 ## - NOTA DE “CON”
Nota de Contenido Incluye índice (páginas: 79- 82)
505 0# - NOTA DE CONTENIDO
Nota de contenido con formato preestablecido Science and religion: where the conflict really lies / Alvin Plantinga -- Truths that miss their mark: naturalism unscathed / Daniel C. Dennett -- Superman vs. God? / Alvin Plantinga -- Habits of imagination and their effect on incredulity: reply to Plantinga (essay 2) / Daniel C. Dennett -- Naturalism against science / Alvin Plantinga -- No miracles needed / Daniel C. Dennett.
505 0# - NOTA DE CONTENIDO
Nota de contenido con formato preestablecido Ciencia y religión: donde realmente se encuentra el conflicto / Alvin Plantinga -- Verdades que se pierden: el naturalismo ileso / Daniel C. Dennett -- Super hombre vs Dios? / Alvin Plantinga --<br/> Hábitos de la imaginación y su efecto sobre la incredulidad: respuesta a Plantinga (ensayo 2) / Daniel C. Dennett -- Naturalismo contra la ciencia / Alvin Plantinga -- No se necesitan milagros / Daniel C. Dennett.
650 #7 - ASIENTO SECUNDARIO DE MATERIA - TERMINO TEMÁTICO
Término temático o nombre geográfico como elemento de entrada Religión y ciencia
9 (RLIN) 259
700 1# - ASIENTO SECUNDARIO - NOMBRE PERSONAL
Nombre personal Plantinga, Alvin.
Responsabilidad autor
830 #0 - PUNTO DE ACCESO ADICIONAL DE SERIE - TÍTULO UNIFORME
Título uniforme Point/counterpoint series (Oxford, England)
942 ## - TIPO DE MATERIAL (KOHA)
Tipo de Item KOHA Libros General
Existencias
Estado de Material Estado de Perdido Forma de Clasificación Estado de Dañado No para Préstamo Colección Biblioteca de Origen Biblioteca Permanente Fecha de Adquisición Total de Préstamos Signatura Topográfica Código de Barras Última vez visto Ejemplar/Existencia Fecha de Remplazo Tipo de Material
    Dewey Decimal Classification     Colección General Biblioteca FUSBC Biblioteca FUSBC 18/08/2017   G 215 D399s 16391 12/12/2019 Ej. 1 18/08/2017 Libros General

Biblioteca FUSBC | Teléfono: (57+4) 349 88 10 Ext. 141| WhatsApp (+57) 3005338115 
E-mail: biblioteca@unisbc.edu.co | Calle 76 87-14 Robledo Palenque, Medellín, Colombia

Con tecnología Koha